[Event "17. Int. Offene Wiener Schachmeisterschaft 2011 A-
[Site "Grosser Festsaal im Wiener Rathaus"]
[Date "2011.08.21"]
[Round "9"]
[Board "1"]
[White "Jakovljevic, Vlado"]
[Black "Bykov, Alexey"]
[Result "1-0"]
[WhiteElo "2377"]
[BlackElo "2278"]
[PlyCount "101"]
[EventDate "2011.08.13"]
[EventRounds "9"]
[EventCountry "AUT"]

1.Nf3 d5 2.d4 Nf6 3.c4 c6 4.Nc3 dxc4 5.a4 Bf5 6.Ne5 e6 7.f3 Bb4 8.Nxc4 O-O 9.Kf2
c5 10.e4 Bxc3 11.bxc3 Bxe4 12.fxe4 Nxe4+ 13.Kg1 Nxc3 14.Qe1 cxd4 15.Ba3 Re8
16.Nd6 Re7 17.Nb5 Rd7 18.Nxc3 dxc3 19.Qxc3 Nc6 20.h4 Nd4 21.Rc1 Qf6 22.Rh3 Rad8
23.Bb2 e5 24.Kh1 Qf2 25.Ba1 Nc6 26.Qe3 Qa2 27.Qb3 Qd2 28.Qc3 Qf4 29.Kg1 Qxa4
30.Qc4 Qxc4 31.Rxc4 Rd1 32.Bc3 Rc1 33.Kf2 f5 34.Be1 Rb1 35.Rd3 Rb2+ 36.Kg1 Rxd3
37.Bxd3 e4 38.Bc2 Kf7 39.Ba4 Rb1 40.Kf2 Ne5 41.Rc7+ Ke6 42.Bc3 g6 43.Bc2 Ng4+
44.Kg3 Rf1 45.Rxh7 Ne3 46.Bb3+ Kd6 47.Rf7 b5 48.Bb4+ Ke5 49.Re7+ Kd4 50.Rd7+ Ke5
51.Bc3# 1-0

[Event "17. Int. Offene Wiener Schachmeisterschaft 2011 A-
[Site "Grosser Festsaal im Wiener Rathaus"]
[Date "2011.08.21"]
[Round "9"]
[Board "1"]
[White "Stromboli, Carlo"]
[Black "Ootes, Lars"]
[Result "1-0"]
[WhiteElo "2304"]
[BlackElo "2376"]
[PlyCount "175"]
[EventDate "2011.08.13"]
[EventRounds "9"]
[EventCountry "AUT"]

1.e4 d6 2.d4 g6 3.Nc3 Bg7 4.Be3 Nf6 5.h3 O-O 6.Nf3 a6 7.a4 b6 8.Bd3 Bb7 9.O-O
Nc6 10.Qd2 e5 11.dxe5 dxe5 12.Ne2 Qe7 13.c3 Rfd8 14.Ng3 Na5 15.Qc2 Nb3 16.Rad1
Nc5 17.Bxc5 Qxc5 18.b4 Qe7 19.Bc4 Nd7 20.Rd3 Nf8 21.Rfd1 Rxd3 22.Qxd3 a5 23.Bb3
Bf6 24.Qb5 Qe8 25.Qxe8 Rxe8 26.bxa5 bxa5 27.Nd2 Bc6 28.Bd5 Bd7 29.Nc4 c6 30.Nd6
cxd5 31.Nxe8 Bxe8 32.Rxd5 Bxa4 33.Rxa5 Bb3 34.Nf1 Ne6 35.Ne3 Be7 36.Rb5 Nc5
37.Ng4 f6 38.Nxf6+ Kf7 39.Nd7 Nxd7 40.Rxb3 Nc5 41.Rb5 Ke6 42.f3 Na4 43.Rb3 Bc5+
44.Kf1 Nb6 45.Ke2 h5 46.h4 Nd7 47.Rb2 Be7 48.g3 Nc5 49.Rb6+ Bd6 50.Rb5 Be7
51.Ke3 Bd6 52.Ra5 Nb7 53.Ra8 Bc5+ 54.Ke2 Nd6 55.Rh8 Nb5 56.Kd3 Nd6 57.g4 Nf7
58.Rg8 Kf6 59.g5+ Nxg5 60.hxg5+ Kxg5 61.Ke2 Kf6 62.Rc8 Bd6 63.Kf2 h4 64.Kg2 g5
65.Kh3 Ba3 66.Kg4 Bc1 67.Rc6+ Ke7 68.c4 Be3 69.Rh6 Kd7 70.Kf5 Bf4 71.c5 Kc7
72.Kg4 Be3 73.c6 Bf4 74.Rg6 Kb6 75.Kh3 Kc7 76.Kg2 Kb6 77.Rh6 Kc7 78.Kf1 Kb6
79.Ke2 Kc7 80.Kd3 Kb6 81.Kc4 g4 82.c7+ Kxc7 83.Rh7+ Kd6 84.fxg4 Bg5 85.Rh5 Bf6
86.g5 Bd8 87.Rh6+ Kd7 88.g6 1-0

[Event "17. Int. Offene Wiener Schachmeisterschaft 2011 A-
[Site "Grosser Festsaal im Wiener Rathaus"]
[Date "2011.08.21"]
[Round "9"]
[Board "1"]
[White "Blodstein, Boris"]
[Black "Buljubasic, Sabahudin"]
[Result "1/2-1/2"]
[WhiteElo "2255"]
[BlackElo "2333"]
[PlyCount "25"]
[EventDate "2011.08.13"]
[EventRounds "9"]
[EventCountry "AUT"]

1.c4 Nf6 2.Nc3 g6 3.e4 d6 4.d4 Bg7 5.Be2 Nbd7 6.Bg5 h6 7.Be3 e5 8.d5 Nc5 9.f3 a5
10.g4 h5 11.g5 Nh7 12.Qd2 O-O 13.O-O-O 1/2-1/2

[Event "17. Int. Offene Wiener Schachmeisterschaft 2011 A-
[Site "Grosser Festsaal im Wiener Rathaus"]
[Date "2011.08.21"]
[Round "9"]
[Board "1"]
[White "Postojev, Alexander"]
[Black "Lewicki, Miroslaw"]
[Result "1-0"]
[WhiteElo "2332"]
[BlackElo "2222"]
[PlyCount "109"]
[EventDate "2011.08.13"]
[EventRounds "9"]
[EventCountry "AUT"]

1.d4 Nf6 2.c4 e6 3.g3 c5 4.Nf3 cxd4 5.Nxd4 Nc6 6.Bg2 Qb6 7.Nb3 Bb4+ 8.Bd2 a5
9.Nc3 a4 10.Nc1 Ne5 11.b3 axb3 12.Qxb3 Ra3 13.Qc2 Nxc4 14.Nb1 Nxd2 15.Nxd2 Rc3
16.Qb2 Qc5 17.Nd3 Ba3 18.Qb1 Qc7 19.O-O d5 20.e4 O-O 21.exd5 exd5 22.Nf4 Rd8
23.Nb3 g6 24.Nd4 Qc4 25.Nb5 Bf5 26.Nxa3 Qa6 27.Qb2 Rxa3 28.Rfd1 Ra5 29.Rd4 Rc5
30.Rb4 Ne4 31.Rxb7 Rc2 32.Qxc2 Qxb7 33.Qe2 Qc7 34.a4 Qa5 35.h3 Rb8 36.Rd1 Rd8
37.Rd4 Qc5 38.Qe3 h5 39.Rxe4 d4 40.Re8+ Rxe8 41.Qxe8+ Kg7 42.Be4 Qc1+ 43.Kg2 Qe1
44.Bc6 Qa5 45.Nd5 Be6 46.Nf4 Bf5 47.Bd5 Qc7 48.Qc6 Qe5 49.Qb7 Qf6 50.Be4 h4
51.Bxf5 hxg3 52.Kxg3 Qxf5 53.Qd5 Qf6 54.Ne2 d3 55.Qxd3 1-0

[Event "17. Int. Offene Wiener Schachmeisterschaft 2011 A-
[Site "Grosser Festsaal im Wiener Rathaus"]
[Date "2011.08.21"]
[Round "9"]
[Board "1"]
[White "Georgiadis, Nico"]
[Black "Ootes, Lennart"]
[Result "1-0"]
[WhiteElo "2328"]
[BlackElo "2203"]
[PlyCount "39"]
[EventDate "2011.08.13"]
[EventRounds "9"]
[EventCountry "AUT"]

1.e4 e5 2.Nf3 Nc6 3.Bb5 Nd4 4.Bc4 Nxf3+ 5.Qxf3 Qf6 6.Qg3 Bc5 7.Nc3 c6 8.d3 d6
9.Be3 Bb6 10.O-O Qg6 11.Bxb6 axb6 12.Qe3 Nf6 13.f4 exf4 14.Qxf4 Bh3 15.Rf2 O-O-O
16.Qe3 Bd7 17.Qxb6 Ng4 18.Rxf7 d5 19.exd5 Qxf7 20.dxc6 1-0

[Event "17. Int. Offene Wiener Schachmeisterschaft 2011 A-
[Site "Grosser Festsaal im Wiener Rathaus"]
[Date "2011.08.21"]
[Round "9"]
[Board "1"]
[White "Larmuseau, Maarten"]
[Black "Wallner, Joachim"]
[Result "0-1"]
[WhiteElo "2222"]
[BlackElo "2328"]
[PlyCount "98"]
[EventDate "2011.08.13"]
[EventRounds "9"]
[EventCountry "AUT"]

1.e4 Nf6 2.e5 Nd5 3.d4 d6 4.Nf3 dxe5 5.Nxe5 c6 6.c3 Nd7 7.Nf3 g6 8.g3 Bg7 9.Bg2
O-O 10.O-O N7b6 11.Nbd2 Bf5 12.Re1 Qc7 13.Ne4 Rad8 14.Qb3 Bxe4 15.Rxe4 e6 16.Bg5
Nf6 17.Re2 h6 18.Bf4 Qc8 19.Rae1 Nbd5 20.Be5 b6 21.Qa4 Qb7 22.Nd2 Rd7 23.Qa3
Rfd8 24.b4 a6 25.Qc1 Qa7 26.Nb3 Ne8 27.Bxg7 Nxg7 28.Bxd5 cxd5 29.Qxh6 Rc8 30.Rc2
Rdc7 31.Qc1 Nf5 32.a4 Qb7 33.h4 Qc6 34.a5 bxa5 35.bxa5 Qa4 36.Nc5 Qxa5 37.Qa1
Qb6 38.Rb1 Qd6 39.Rcb2 Rc6 40.Qa5 Kg7 41.Rb7 Nxg3 42.fxg3 Qxg3+ 43.Kf1 e5
44.R1b6 exd4 45.cxd4 Qf4+ 46.Ke2 Re8+ 47.Kd1 Qxd4+ 48.Qd2 Qg1+ 49.Kc2 Qxc5+ 0-1

[Event "17. Int. Offene Wiener Schachmeisterschaft 2011 A-
[Site "Grosser Festsaal im Wiener Rathaus"]
[Date "2011.08.21"]
[Round "9"]
[Board "1"]
[White "Krebs, Johann"]
[Black "Larsen, Karsten"]
[Result "1/2-1/2"]
[WhiteElo "2256"]
[BlackElo "2323"]
[PlyCount "116"]
[EventDate "2011.08.13"]
[EventRounds "9"]
[EventCountry "AUT"]

1.d4 Nf6 2.c4 e6 3.Nc3 d5 4.Nf3 Bb4 5.cxd5 exd5 6.Bg5 c5 7.dxc5 Nbd7 8.Qc2 Nxc5
9.e3 O-O 10.a3 Bxc3+ 11.Qxc3 Nce4 12.Bxf6 Nxf6 13.Bd3 Bg4 14.Nd4 Rc8 15.Qd2 Ne4
16.Bxe4 dxe4 17.O-O Rc5 18.Nb3 Qxd2 19.Nxd2 Rc2 20.Nxe4 Rxb2 21.f3 Bd7 22.Rf2
Rxf2 23.Kxf2 Rc8 24.Rd1 Rc7 25.Nc5 Be8 26.Rd8 Kf8 27.Ne4 Ke7 28.Ra8 Rc2+ 29.Kg3
a6 30.Nd6 Kxd6 31.Rxe8 Rc3 32.Rd8+ Ke7 33.Rb8 b5 34.Rb7+ Ke8 35.a4 bxa4 36.Rb6
Rxe3 37.Rxa6 a3 38.Ra7 Rb3 39.h4 h6 40.h5 Rc3 41.Kh3 Rb3 42.Kg3 Rc3 43.Kh3 Kd8
44.Rxf7 Kc8 45.Ra7 Kb8 46.Ra4 Kb7 47.Kg4 Kb6 48.f4 Kb5 49.Ra7 Kb4 50.Rb7+ Ka4
51.Rxg7 Rc5 52.Re7 a2 53.Re1 Kb3 54.Kh4 Kb2 55.g4 Rc1 56.Re2+ Rc2 57.Re1 Rc1
58.Re2+ Rc2 1/2-1/2

[Event "17. Int. Offene Wiener Schachmeisterschaft 2011 A-
[Site "Grosser Festsaal im Wiener Rathaus"]
[Date "2011.08.21"]
[Round "9"]
[Board "1"]
[White "Fiderer, Lukas"]
[Black "Goumas, Georgios"]
[Result "1/2-1/2"]
[WhiteElo "2183"]
[BlackElo "2323"]
[PlyCount "117"]
[EventDate "2011.08.13"]
[EventRounds "9"]
[EventCountry "AUT"]

1.e4 c5 2.Nf3 Nc6 3.d4 cxd4 4.Nxd4 g6 5.Be3 Nf6 6.Nc3 Bg7 7.Bc4 O-O 8.Bb3 d6
9.h3 Na5 10.O-O b6 11.Re1 Bb7 12.Bg5 Nxb3 13.axb3 h6 14.Bh4 Qd7 15.Qd2 Nh5
16.Rad1 g5 17.Bg3 Nxg3 18.fxg3 e6 19.h4 Qe7 20.Nf3 Rac8 21.hxg5 hxg5 22.Qxg5
Qxg5 23.Nxg5 Bxc3 24.bxc3 Rxc3 25.Rxd6 Rxg3 26.Nf3 Rg4 27.Nd2 Rc8 28.c4 Bc6
29.b4 Rc7 30.Kf2 Kf8 31.b5 Bb7 32.g3 Ke7 33.Rd3 a5 34.bxa6 Bxa6 35.Rb3 Bxc4
36.Rc3 b5 37.Rec1 f5 38.Nxc4 bxc4 39.Rxc4 Rxc4 40.Rxc4 Kf6 41.Kf3 Kg5 42.Ra4 e5
43.Rb4 f4 44.gxf4+ Rxf4+ 45.Ke3 Rh4 46.Rb8 Rh3+ 47.Ke2 Kf4 48.Rf8+ Kxe4 49.Ra8
Rh2+ 50.Ke1 Rh3 51.Ra4+ Kf5 52.Ke2 Rb3 53.Kf2 e4 54.Ra8 Rb2+ 55.Ke3 Rb3+ 56.Ke2
e3 57.Re8 Kg6 58.Rxe3 Rxe3+ 59.Kxe3 1/2-1/2

[Event "17. Int. Offene Wiener Schachmeisterschaft 2011 A-
[Site "Grosser Festsaal im Wiener Rathaus"]
[Date "2011.08.21"]
[Round "9"]
[Board "1"]
[White "Halvax, Georg"]
[Black "Ernst, Michael"]
[Result "1-0"]
[WhiteElo "2322"]
[BlackElo "2146"]
[PlyCount "43"]
[EventDate "2011.08.13"]
[EventRounds "9"]
[EventCountry "AUT"]

1.e4 e6 2.d4 d5 3.Nc3 Bb4 4.e5 c5 5.a3 Bxc3+ 6.bxc3 Ne7 7.Qg4 O-O 8.Bd3 f5
9.exf6 Rxf6 10.Bg5 Rf7 11.Qh5 g6 12.Qd1 Qa5 13.Bd2 Nbc6 14.Nf3 Qc7 15.dxc5 e5
16.Ng5 Rf6 17.c4 h6 18.cxd5 hxg5 19.d6 Qd7 20.dxe7 Nxe7 21.Bxg5 Rf8 22.Bc4+ 1-0

[Event "17. Int. Offene Wiener Schachmeisterschaft 2011 A-
[Site "Grosser Festsaal im Wiener Rathaus"]
[Date "2011.08.21"]
[Round "9"]
[Board "1"]
[White "Newrkla, Katharina"]
[Black "Schroll, Gerhard"]
[Result "1/2-1/2"]
[WhiteElo "2070"]
[BlackElo "2414"]
[PlyCount "58"]
[EventDate "2011.08.13"]
[EventRounds "9"]
[EventCountry "AUT"]

1.e4 e5 2.Nf3 Nc6 3.Bb5 Nf6 4.O-O Nxe4 5.d4 Nd6 6.Bxc6 dxc6 7.dxe5 Nf5 8.Qxd8+
Kxd8 9.Nc3 Ne7 10.h3 h6 11.Be3 Ng6 12.Rad1+ Ke8 13.a3 Be7 14.Rfe1 a6 15.Ne4 Be6
16.Bc5 Rd8 17.Nd4 Rd5 18.Nxe6 fxe6 19.Bxe7 Kxe7 20.Rxd5 cxd5 21.Nc5 Ra8 22.Nd3
b6 23.f4 h5 24.g4 hxg4 25.hxg4 Rf8 26.Rf1 c5 27.f5 Nh4 28.Nf4 exf5 29.gxf5 Rd8 1/2-1/2

[Event "17. Int. Offene Wiener Schachmeisterschaft 2011 A-
[Site "Grosser Festsaal im Wiener Rathaus"]
[Date "2011.08.21"]
[Round "9"]
[Board "1"]
[White "Hera, Imre"]
[Black "Stone, Andrew"]
[Result "1-0"]
[WhiteElo "2536"]
[BlackElo "2231"]
[PlyCount "77"]
[EventDate "2011.08.13"]
[EventRounds "9"]
[EventCountry "AUT"]

1.d4 e6 2.Nf3 Nf6 3.c4 Bb4+ 4.Bd2 c5 5.Bxb4 cxb4 6.g3 b6 7.Bg2 Bb7 8.O-O O-O
9.a3 Qe7 10.Nbd2 bxa3 11.Rxa3 d5 12.cxd5 Bxd5 13.Re1 Ne4 14.Ne5 Nxd2 15.Bxd5
exd5 16.Qxd2 f6 17.Nd3 Nc6 18.Nf4 Qd6 19.h4 Rfc8 20.e4 dxe4 21.Rxe4 Ne5 22.Rc3
Ng6 23.Nxg6 hxg6 24.Rce3 Rc7 25.Qd3 Qd5 26.Re1 Rac8 27.Qf3 Kh7 28.Kg2 Rd7 29.h5
gxh5 30.Rh1 Kg6 31.g4 f5 32.gxf5+ Qxf5 33.Qg3+ Kh7 34.Re5 Qc2 35.Rexh5+ Kg8
36.Rh8+ Kf7 37.Qf4+ Ke6 38.Re1+ Kd5 39.Qe5+ 1-0

[Event "17. Int. Offene Wiener Schachmeisterschaft 2011 A-
[Site "Grosser Festsaal im Wiener Rathaus"]
[Date "2011.08.21"]
[Round "9"]
[Board "1"]
[White "MacKinnon, Keith"]
[Black "Gasik, Anna"]
[Result "0-1"]
[WhiteElo "2201"]
[BlackElo "2220"]
[PlyCount "66"]
[EventDate "2011.08.13"]
[EventRounds "9"]
[EventCountry "AUT"]

1.e4 c6 2.Ne2 d5 3.e5 Bg4 4.d4 e6 5.Be3 c5 6.c3 Nc6 7.f3 Bf5 8.dxc5 Nxe5 9.Nd4
Ne7 10.Bb5+ N5c6 11.Qa4 Qc8 12.b4 a6 13.Be2 e5 14.Nxf5 Nxf5 15.Bf2 Be7 16.O-O
O-O 17.Rd1 Qe6 18.Nd2 Bg5 19.Nf1 e4 20.Qb3 e3 21.Bg3 d4 22.Qxe6 fxe6 23.Be1 Bf6
24.Rac1 Rfd8 25.Bc4 Kf7 26.a3 Ne5 27.Bd3 Nxd3 28.Rxd3 dxc3 29.Rdxc3 Bxc3 30.Bxc3
Rd3 31.Ng3 Nxg3 32.hxg3 Rad8 33.Rc2 Rd2 0-1

[Event "17. Int. Offene Wiener Schachmeisterschaft 2011 A-
[Site "Grosser Festsaal im Wiener Rathaus"]
[Date "2011.08.21"]
[Round "9"]
[Board "1"]
[White "Vlcek, Stanislav"]
[Black "Menezes, Christoph"]
[Result "1-0"]
[WhiteElo "2335"]
[BlackElo "2200"]
[PlyCount "65"]
[EventDate "2011.08.13"]
[EventRounds "9"]
[EventCountry "AUT"]

1.c4 Nf6 2.Nc3 e6 3.e4 d5 4.e5 d4 5.Nce2 Ng4 6.f4 Bc5 7.Ng3 Qh4 8.Nf3 d3 9.Bxd3
Qd8 10.Qa4+ Bd7 11.Qc2 Bc6 12.Ne4 Bxe4 13.Bxe4 Nf2 14.b4 Bd4 15.Nxd4 Qxd4 16.Bb2
Qxe4+ 17.Qxe4 Nxe4 18.d3 a5 19.dxe4 axb4 20.a3 Ra4 21.Kd2 bxa3 22.Kc3 b5 23.cxb5
Rxe4 24.Bxa3 Kd7 25.Rhd1+ Kc8 26.Bc5 Rd8 27.Rxd8+ Kxd8 28.Ra8 Kc8 29.b6 Rxf4
30.bxc7 Kxc7 31.Bd6+ Kc6 32.Rxb8 Rf2 33.Rb2 1-0